000 00351nam a2200145Ia 4500
005 20250405145334.0
008 240331s9999 xx 000 0 und d
082 _bSVS
_a894
100 _aS.V.S,
245 0 _aEnrum yuvathi
260 _aChennai
_bSri Puvenshwari pathippagam
_c1990
300 _aViii, 208 p .,
650 _aShort Stories
942 _cL
999 _c3771
_d3771